00400nam a2200109Ia 4500008004100000245012600041260003500167260000900202650001800211650001500229856004600244170221s9999 xx 000 0 und d aAntecedents of Knowledge Gaps: Parenting Knowledge and Early Childhood Cognitive Development-Review and Call for Research bThe Open Communication Journal c2016 xCommunication xMedia Arts uhttps://benthamopen.com/TOCOMMJ/VOLUME/6/